000 00592nam a22002057i 4500
003 URS
020 _a9789719905912
050 _aQ160
_bC11p 2015
100 1 _aCadiz, Arion P.
245 _aPhysical science a modular approach.
264 1 _aManila
_bMindshapers Company,Inc.
_c2015.
300 _ax, 249 pages
_billustrations
_c25cm
336 _atext
_btxt
_2rdacontent
337 _aunmediated
_bn
_2rdamedia
338 _avolume
_bnc
_2rdacarrier
500 _aIncludes glossary, appendices and bibliography.
650 0 _aPhysical science.
700 1 _aMacasil, Trinidad D.
942 _cF
999 _c7705
_d7705